Bệnh học thủy sản

Kaydedildi:
Detaylı Bibliyografya
Yazar: Đỗ, Thị Hòa
Diğer Yazarlar: Bùi Quang Tề, Nguyễn, Hữu Dũng, Nguyễn, Thị Muội
Materyal Türü: Kitap
Baskı/Yayın Bilgisi: Tp Hồ Chí Minh Nông Nghiệp 2004
Konular:
Etiketler: Etiketle
Etiket eklenmemiş, İlk siz ekleyin!
Thư viện lưu trữ: Trung tâm Học liệu Lê Vũ Hùng, Trường Đại học Đồng Tháp
LEADER 00855pam a22002658a 4500
001 00038780
005 20171026081025.0
008 170517s2004 ||||||Viesd
041 0 # |a Vie 
082 1 4 |a 639.8  |b B256H 
100 1 # |a Đỗ, Thị Hòa 
245 1 0 |a Bệnh học thủy sản  |c Đỗ Thị Hòa...[và các tác giả khác] 
260 # # |a Tp Hồ Chí Minh  |b Nông Nghiệp  |c 2004 
300 # # |a 423 tr.  |c 27 cm 
653 # # |a Bệnh học 
653 # # |a Thủy sản 
700 1 # |a Bùi Quang Tề 
700 1 # |a Nguyễn, Hữu Dũng 
700 1 # |a Nguyễn, Thị Muội 
852 # # |b Kho mượn  |j KM.0022439 
852 # # |b Kho đọc  |j KD.0021498 
852 # # |j KM.0022439  |j KD.0021498 
910 |d 17/05/2017 
980 # # |a Trung tâm Học liệu Lê Vũ Hùng, Trường Đại học Đồng Tháp